ZWIERZĘTA na literę Z - Statystyki

Ogólne statystyki
  • Ten quiz został rozwiązany 146 razy
  • Średni wynik to 4 z 8
Statystyki odpowiedzi
Obrazkowy Odpowiedź % Poprawnych
Zebra stepowa
100%
Zajac szarak
92%
Zimorodek zwyczajny
74%
Zaskroniec zwyczajny
70%
Zięba zwyczajna
57%
Zeberka zwyczajna
20%
Zębacz pasiasty
18%
Zniczek zwyczajny
9%
Nie znaleziono quizów pasujących do podanych kryteriów
Rozkład punktacji
Procent ludzi z każdym wynikiem
Percentyl według liczby udzielonych odpowiedzi
Twoja historia wyników
Nie rozwiązałeś tego quizu